00361nam a2200121Ia 4500008004100000245004800041260004500089260000900134300000900143500001100152650001300163856006300176170516s9999 xx 000 0 und d aIn silico product design of pharmaceuticals bAsian Journal of Pharmaceutical Sciences c2016 a11:4 aAugust xPharmacy uhttp://www.sciencedirect.com/science/journal/18180876/11/4